Uplatnenie manažmentu rizík a krízového manažmentu v športovom podnikaní
Zameranie na potrebu aplikácie princípov a postupov riadenia rizík a krízového manažmentu, ako nástrojov zvyšovania odolnosti a vnímavosti v prostredí športových organizácií a športových podnikateľov. V tomto v kontexte sa manažment rizík považuje za nástroj prevencie.
Uložené v:
| Hlavný autor: | |
|---|---|
| Ďalší autori: | , |
| Médium: | Kapitola |
| Jazyk: | Slovak |
| Predmet: | |
| Tagy: |
Žiadne tagy, Buďte prvý, kto otaguje tento záznam!
|
MARC
| LEADER | 00000naa a2200000 4500 | ||
|---|---|---|---|
| 001 | 0306970 | ||
| 005 | 20250212091747.0 | ||
| 041 | 0 | |a slo | |
| 044 | |a SK | ||
| 245 | 1 | 0 | |a Uplatnenie manažmentu rizík a krízového manažmentu v športovom podnikaní |c Katarína Buganová, Mária Hudáková, Kristián Furiak |
| 520 | |a Zameranie na potrebu aplikácie princípov a postupov riadenia rizík a krízového manažmentu, ako nástrojov zvyšovania odolnosti a vnímavosti v prostredí športových organizácií a športových podnikateľov. V tomto v kontexte sa manažment rizík považuje za nástroj prevencie. | ||
| 610 | 2 | 0 | |a podnikanie |
| 610 | 2 | 0 | |a kríza |
| 610 | 2 | 0 | |a šport |
| 610 | 2 | 0 | |a organizácie |
| 610 | 2 | 0 | |a manažment |
| 610 | 2 | 0 | |a riziko |
| 610 | 2 | 0 | |a manažment krízový |
| 100 | 1 | |a Buganová, Katarína | |
| 700 | 1 | |a Hudáková, Mária | |
| 700 | 1 | |a Furiak, Kristián | |